Leola and the honeybears : (Record no. 4408)
[ view plain ]
| 000 -LEADER | |
|---|---|
| fixed length control field | 00882cam a2200253 a 4500 |
| 005 - DATE AND TIME OF LATEST TRANSACTION | |
| control field | 20240821084411.0 |
| 020 ## - INTERNATIONAL STANDARD BOOK NUMBER | |
| International Standard Book Number | 0590383698 |
| 040 ## - CATALOGING SOURCE | |
| Original cataloging agency | DLC |
| Transcribing agency | DLC |
| Modifying agency | DLC |
| Language of cataloging | eng |
| 050 00 - LIBRARY OF CONGRESS CALL NUMBER | |
| Classification number | PZ8.1.R6815 |
| 082 00 - DEWEY DECIMAL CLASSIFICATION NUMBER | |
| Classification number | 398.22 |
| 100 1# - MAIN ENTRY--PERSONAL NAME | |
| Personal name | Rosales, Melodye Benson |
| 245 10 - TITLE STATEMENT | |
| Title | Leola and the honeybears : |
| Statement of responsibility, etc. | written and illustrated by Melodye Benson Rosales. |
| Remainder of title | An African-American Retelling of GOLDILOCKS AND THE THREE BEARS / |
| 250 ## - EDITION STATEMENT | |
| Edition statement | First Scholastic paperback printing, January 2000 |
| 260 ## - PUBLICATION, DISTRIBUTION, ETC. | |
| Place of publication, distribution, etc. | New York : |
| Name of publisher, distributor, etc. | Scholastic, |
| Date of publication, distribution, etc. | 1999. |
| 300 ## - PHYSICAL DESCRIPTION | |
| Extent | 37 pages : |
| Other physical details | color illustrations ; |
| Dimensions | 31 cm . |
| 505 ## - FORMATTED CONTENTS NOTE | |
| Formatted contents note | Q <br/> |
| 520 ## - SUMMARY, ETC. | |
| Summary, etc. | An African American version of Goldilocks and the three bears. |
| 521 ## - TARGET AUDIENCE NOTE | |
| Target audience note | 660 <br/> |
| Source | Lexile AD <br/> |
| 521 ## - TARGET AUDIENCE NOTE | |
| Target audience note | Q <br/> |
| Source | Raz-Plus <br/> |
| 650 #1 - SUBJECT ADDED ENTRY--TOPICAL TERM | |
| Topical term or geographic name entry element | three bears |
| Form subdivision | fiction |
| 906 ## - LOCAL DATA ELEMENT F, LDF (RLIN) | |
| a | 7 |
| b | cbc |
| c | orignew |
| d | 1 |
| e | ocip |
| f | 19 |
| g | y-gencatlg |
| 942 ## - ADDED ENTRY ELEMENTS (KOHA) | |
| Source of classification or shelving scheme | Dewey Decimal Classification |
| Koha item type | Books |
| Suppress in OPAC | No |
| 999 ## - | |
| -- | 4408 |
| -- | 4408 |
| Withdrawn status | Lost status | Source of classification or shelving scheme | Damaged status | Not for loan | Collection | Home library | Current library | Shelving location | Date acquired | Total Checkouts | Full call number | Barcode | Date last seen | Price effective from | Koha item type |
|---|---|---|---|---|---|---|---|---|---|---|---|---|---|---|---|
| Library of Congress Classification | Juvenile Fiction | Footprints International School Library Network Toul Kork Campus | Footprints International School Library Network Toul Kork Campus | 08/20/2024 | ROS 398.22 PZ8.R6815 | FISBK06157 | 08/20/2024 | 08/20/2024 | Books |
